Comer para vivir /
Guardado en:
| Autor Principal: | |
|---|---|
| Formato: | |
| Series: | El Cuerpo Viviente
|
| Materias: | |
| Etiquetas: |
Agregar Etiqueta
Sin Etiquetas, Sea el primero en etiquetar este registro!
|
| LEADER | 00947ngm a22003015g 4500 | ||
|---|---|---|---|
| 001 | CEM.cems021698 | ||
| 008 | 130507b1992##################0###0#####d | ||
| 005 | 20240904152506.0 | ||
| 245 | 1 | 0 | |a Comer para vivir / |c Christiaan Barnard. |
| 300 | |a 25 | ||
| 490 | 0 | |a El Cuerpo Viviente | |
| 500 | |a En soporte VHS, consultar en ventanilla. | ||
| 505 | 0 | |a Alimentos. Estímulos de olores y sabores. Descripción del sentido del gusto. Digestión: proceso. | |
| 538 | |a Soporte: VHS - Norma: Pal N - Color - Grabación DRD 1992 - Hitachi=3405 | ||
| 100 | 1 | |a Barnard, Christiaan | |
| 082 | 6 | 1 | |/ BAR-3 |
| 653 | |a ANATOMIA | ||
| 653 | |a FISIOLOGIA | ||
| 653 | |a APARATO DIGESTIVO | ||
| 653 | |a GUSTO | ||
| 653 | |a SENTIDOS | ||
| 653 | |a BIOLOGIA | ||
| 653 | |a ALIMENTOS | ||
| 653 | |a OLORES | ||
| 653 | |a SABORES | ||
| 653 | |a DIGESTION | ||
| 653 | |a NIVEL SECUNDARIO | ||
| 859 | |a CEMS |b BIB. CEMS - Depto. Recursos Didacticos |h 611 |i BAR-3 |k DRD |p 341.12 |t Ej.1 | ||
